Statistiques concernant Des volcans de A à Z

Cliquez ici pour prendre le quiz!

Statistiques générales

  • Ce quiz a été pris 18 fois
  • Le résultat moyen est 9 sur 26

Statistiques - réponses

QuestionRéponse% Correct
Situé au Japon, il culmine à 3776 mètresFuji
100%
Situé en Russie, il culmine à 2169 mètresSnegovoï
75%
Situé en Indonésie, il culmine à 2891 mètresMarapi
63%
Situé au Vanuatu, il culmine à 1413 mètresLopevi
56%
Situé en Indonésie, il culmine à 1784 mètresKarangetang
50%
Situé en Russie, il culmine à 1217 mètresVoyampolsky
50%
Situé au Chili, il culmine à 1550 mètresResago
44%
Situé au Mexique, il culmine à 2436 mètresXaltepec
44%
Situé au Pérou, il culmine à 6288 mètresAmpato
38%
Situé en Colombie, il culmine à 4150 mètresDona Juana
38%
Situé en Argentine, il culmine à 6068 mètresEl Fraile
38%
Situé aux Etats-Unis, il culmine à 3034 mètresHayes volcano
38%
Situé en Bolivie, il culmine à 5163 mètresIrruputuncu
38%
Situé au Panama, il culmine à 1297 mètresYeguada
38%
Situé au Portugal, il culmine à 402 mètresGraciosa
31%
Situé en Iran, il culmine à 2300 mètresQal'eh Hasan Ali
31%
Situé en Indonésie, il culmine à 2050 mètresUngaran
31%
Situé en Ethiopie, il culmine à 2989 mètresZuqualla
31%
Situé en Arménie, il culmine à 3000 mètresTskhouk-Karckar
19%
Situé au Cap-vert, il culmine à 900 mètresBrava
13%
Situé à Madagascar, il culmine à 214 mètresNosy Be
13%
Situé en Ethiopie, il culmine à 2075mètresO'a
13%
Situé au Guatemala, il culmine à 3542 mètresPecul
13%
Situé en Argentine, il culmine à 5725 mètresCajeros
6%
Situé en Bolivie, il culmine à 3716 mètresJuriques
6%
Situé en Equateur, il culmine à 1710 mètresWolf
6%

Distribution des résultats

Percentile par nombre de réponses

% des personnes avec chaque résultat

Votre développement - résultats

Vous n’avez pas pris ce quiz